|
|
|
|
| LEADER |
00000cam a22000002c 4500 |
| 001 |
1122685815 |
| 003 |
DE-627 |
| 005 |
20220516134509.0 |
| 007 |
tu |
| 008 |
960624s1974 xx ||||| m 00| ||eng c |
| 035 |
|
|
|a (DE-627)1122685815
|
| 035 |
|
|
|a (DE-576)052685810
|
| 035 |
|
|
|a (DE-599)BSZ052685810
|
| 035 |
|
|
|a (OCoLC)06895941
|
| 040 |
|
|
|a DE-627
|b ger
|c DE-627
|e rakwb
|
| 041 |
|
|
|a eng
|
| 100 |
1 |
|
|a Hamner, William Taliaferro
|0 (DE-627)1245514601
|0 (DE-576)175514607
|4 aut
|
| 109 |
|
|
|a Hamner, William Taliaferro
|a Taliaferro Hamner, William
|
| 245 |
1 |
4 |
|a The learning of social controls in juvenile antisocial personalities
|c William Taliaferro Hamner
|
| 264 |
|
1 |
|a Ann Arbor, Mich.
|b Univ. Microfilms
|c 1974
|
| 300 |
|
|
|a IX, 122 S.
|
| 336 |
|
|
|a Text
|b txt
|2 rdacontent
|
| 337 |
|
|
|a ohne Hilfsmittel zu benutzen
|b n
|2 rdamedia
|
| 338 |
|
|
|a Band
|b nc
|2 rdacarrier
|
| 502 |
|
|
|a Zugl.: Vanderbilt Univ., Diss., 1969
|
| 583 |
1 |
|
|a Archivierung prüfen
|c 20200919
|f DE-640
|z 1
|2 pdager
|
| 655 |
|
7 |
|a Hochschulschrift
|0 (DE-588)4113937-9
|0 (DE-627)105825778
|0 (DE-576)209480580
|2 gnd-content
|
| 751 |
|
|
|a Nashville, Tenn.
|0 (DE-588)4102368-7
|0 (DE-627)105920258
|0 (DE-576)209378395
|4 uvp
|
| 951 |
|
|
|a BO
|
| ELC |
|
|
|b 1
|
| LOK |
|
|
|0 000 xxxxxcx a22 zn 4500
|
| LOK |
|
|
|0 001 2283478227
|
| LOK |
|
|
|0 003 DE-627
|
| LOK |
|
|
|0 004 1122685815
|
| LOK |
|
|
|0 005 19960624000000
|
| LOK |
|
|
|0 008 960624||||||||||||||||ger|||||||
|
| LOK |
|
|
|0 040
|a DE-21
|c DE-627
|d DE-21
|
| LOK |
|
|
|0 852
|a DE-21
|
| LOK |
|
|
|0 852 1
|c KB 4 A 233
|9 00
|
| LOK |
|
|
|0 935
|a krim
|
| LOK |
|
|
|0 939
|a 24-06-96
|b l01
|
| ORI |
|
|
|a SA-MARC-krimdoka001.raw
|
| SIG |
|
|
|a UB: KB 4 A 233
|